[Event "30. Off. Senioren-LEM Sachsen-Anhalt 65+"]
[Site "Magdeburg"]
[Date "2022.08.04"]
[Time "10:00:00"]
[Round "4.19"]
[White "Brettschneider, Karl"]
[Black "Just, Gabriele, Dr."]
[Result "1/2-1/2"]
[WhiteElo "1949"]
[BlackElo "1827"]
[WhiteTeam "SC Leinfelden"]
[BlackTeam "Schachgemeinschaft Leipzig"]

1. c4 {[%clk 1:30:54]} f5 {[%clk 1:28:26]} 2. Nc3 {[%clk 1:31:10]} Nf6 {[%clk
1:28:38]} 3. g3 {[%clk 1:31:02]} e6 {[%clk 1:28:27]} 4. Bg2 {[%clk 1:30:08]} Bb4
{[%clk 1:28:01]} 5. Nf3 {[%clk 1:26:56]} O-O {[%clk 1:24:56]} 6. O-O {[%clk
1:25:49]} Bxc3 {[%clk 1:21:33]} 7. bxc3 {[%clk 1:25:46]} Re8 {[%clk 1:21:07]} 8.
d4 {[%clk 1:21:48]} d6 {[%clk 1:19:54]} 9. Re1 {[%clk 1:16:45]} Nbd7 {[%clk
1:15:51]} 10. Bg5 {[%clk 1:12:15]} e5 {[%clk 1:12:16]} 11. Nd2 {[%clk 1:06:04]}
h6 {[%clk 1:10:15]} 12. Bxf6 {[%clk 1:06:15]} Qxf6 {[%clk 1:10:18]} 13. e3 {[%clk
1:03:16]} e4 {[%clk 1:07:24]} 14. f3 {[%clk 1:01:22]} exf3 {[%clk 1:06:33]} 15.
Bxf3 {[%clk 0:59:27]} c6 {[%clk 1:04:55]} 16. Re2 {[%clk 0:50:26]} Qg5 {[%clk
0:59:40]} 17. Qe1 {[%clk 0:47:52]} Nf6 {[%clk 0:57:28]} 18. e4 {[%clk 0:39:22]}
fxe4 {[%clk 0:56:24]} 19. Nxe4 {[%clk 0:37:07]} Nxe4 {[%clk 0:56:02]} 20. Bxe4
{[%clk 0:35:17]} Bd7 {[%clk 0:06:57]} 21. Rb1 {[%clk 0:27:19]} Rab8 {[%clk
0:54:40]} 22. d5 {[%clk 0:25:17]} Kh8 {[%clk 0:48:54]} 23. dxc6 {[%clk 0:20:32]}
bxc6 {[%clk 0:48:54]} 24. Rxb8 {[%clk 0:19:59]} Rxb8 {[%clk 0:49:20]} 25. Qf2
{[%clk 0:19:52]} Ra8 {[%clk 0:35:05]} 26. Qd4 {[%clk 0:18:24]} Bh3 {[%clk
0:28:02]} 27. Re1 {[%clk 0:15:40]} Qe7 {[%clk 0:25:19]} 28. Re3 {[%clk 0:14:00]}
Re8 {[%clk 0:24:58]} 29. Kf2 {[%clk 0:13:55]} c5 {[%clk 0:24:25]} 30. Qd3 {[%clk
0:13:41]} g5 {[%clk 0:22:36]} 31. Bf3 {[%clk 0:10:41]} 1/2-1/2

[Event "30. Off. Senioren-LEM Sachsen-Anhalt 65+"]
[Site "Magdeburg"]
[Date "2022.08.04"]
[Round "4.20"]
[White "Reimann, Reinhold"]
[Black "Steiger, Michael"]
[Result "0-1"]
[WhiteElo "1733"]
[BlackElo "1949"]
[PlyCount "98"]
[EventDate "2022.??.??"]
[WhiteTeam "Union 1861 Schoenebeck"]
[BlackTeam "SC Kreuzberg e.V."]

1. d4 Nf6 2. Nf3 g6 3. e3 Bg7 4. Bd3 O-O 5. Nbd2 d6 6. Ne4 Nxe4 7. Bxe4 Nd7 8.
c3 e5 9. O-O Qe7 10. dxe5 dxe5 11. b4 c6 12. a4 Rd8 13. Qb3 Nf6 14. Bc2 Be6 15.
Qb2 Bc4 16. Re1 e4 17. Nd4 Rac8 18. Bb3 Bd3 19. Bc2 Bc4 20. Bb3 Bd3 21. Bc2
Bxc2 22. Nxc2 c5 23. bxc5 Qxc5 24. Nd4 Qxc3 25. Qxc3 Rxc3 26. Bb2 Rcc8 27. h3
Nd5 28. Rac1 Nb4 29. Rxc8 Rxc8 30. Rc1 Rxc1+ 31. Bxc1 Bxd4 32. exd4 f5 33. f3
Kf7 34. fxe4 fxe4 35. Kf1 Ke6 36. Ke2 Kd5 37. Ke3 Nc2+ 38. Kf4 Kxd4 39. g4 h6
40. Bb2+ Kd3 41. Bc1 e3 42. Bxe3 Nxe3 43. Ke5 Nxg4+ 44. hxg4 h5 45. gxh5 gxh5
46. Kf4 Kc4 47. Kg5 Kb4 48. a5 Kxa5 49. Kxh5 b5 0-1

[Event "30. Off. Senioren-LEM Sachsen-Anhalt 65+"]
[Site "Magdeburg"]
[Date "2022.08.04"]
[Round "4.21"]
[White "Schaefer, Martin"]
[Black "Wolke, Reimund"]
[Result "1/2-1/2"]
[WhiteElo "1947"]
[BlackElo "1811"]
[PlyCount "73"]
[EventDate "2022.??.??"]
[WhiteTeam "Schachgemeinschaft Ennepe-Ruhr-S"]
[BlackTeam "Hamburger SK von 1830 eV"]

1. d4 Nf6 2. c4 g6 3. f3 d5 4. cxd5 Nxd5 5. e4 Nf6 6. Nc3 Bg7 7. Be3 O-O 8. Qd2
Nbd7 9. O-O-O c6 10. h4 Qa5 11. Kb1 e5 12. Bc4 b5 13. Bb3 Qc7 14. d5 b4 15. Na4
cxd5 16. Bxd5 Nxd5 17. Qxd5 Rb8 18. Nh3 Nf6 19. Qc5 Rb7 20. g4 Be6 21. Ng5 Bc4
22. Rd2 Nd7 23. Qxc7 Rxc7 24. b3 Bb5 25. Nb2 h6 26. Nh3 a5 27. Rhd1 Rfc8 28.
Nc4 Bxc4 29. Rxd7 Be2 30. Rxc7 Rxc7 31. Rd8+ Kh7 32. Ng1 Rc3 33. Bb6 Bd3+ 34.
Kb2 Rc2+ 35. Kb1 Rc3+ 36. Kb2 Rc2+ 37. Kb1 1/2-1/2

[Event "30. Off. Senioren-LEM Sachsen-Anhalt 65+"]
[Site "Magdeburg"]
[Date "2022.08.04"]
[Round "4.22"]
[White "Bohnstorff, Michael"]
[Black "Juergens, Peter"]
[Result "1-0"]
[WhiteElo "2016"]
[BlackElo "1811"]
[PlyCount "41"]
[EventDate "2022.??.??"]
[WhiteTeam "SC Turm Lueneburg e.V."]
[BlackTeam "SC Tempo Goettingen"]

1. d4 Nf6 2. Nf3 e6 3. c3 d5 4. Bf4 Bd6 5. Bg5 Be7 6. Nbd2 O-O 7. e3 Nbd7 8.
Bd3 b6 9. O-O Bb7 10. a4 c5 11. c4 h6 12. Bh4 Ne4 13. Bxe7 Qxe7 14. Be2 f5 15.
Qc2 f4 16. Bd3 Nxd2 17. Nxd2 fxe3 18. fxe3 e5 19. cxd5 exd4 20. e4 Ne5 21. Nc4
1-0

[Event "30. Off. Senioren-LEM Sachsen-Anhalt 65+"]
[Site "Magdeburg"]
[Date "2022.08.04"]
[Round "4.23"]
[White "Klimpel, Siegfried"]
[Black "Just, Joachim"]
[Result "1/2-1/2"]
[WhiteElo "1774"]
[BlackElo "1961"]
[PlyCount "49"]
[EventDate "2022.??.??"]
[WhiteTeam "TSV Kareth-Lappersdorf"]
[BlackTeam "SV Motor Zeitz"]

1. e4 g6 2. d4 Bg7 3. Be3 c6 4. Nc3 d6 5. Qd2 h5 6. f3 Qa5 7. Nh3 Bxh3 8. gxh3
Nd7 9. Bc4 e6 10. Rg1 d5 11. Bd3 Ne7 12. O-O-O b5 13. Kb1 Nb6 14. Qf2 Nc4 15.
Bc1 Qb6 16. Bxc4 dxc4 17. Be3 Qc7 18. d5 exd5 19. exd5 Nf5 20. Bc5 Bxc3 21.
bxc3 O-O-O 22. d6 Qa5 23. Bb4 Qb6 24. Bc5 Qa5 25. Bb4 1/2-1/2

[Event "30. Off. Senioren-LEM Sachsen-Anhalt 65+"]
[Site "Magdeburg"]
[Date "2022.08.04"]
[Round "4.24"]
[White "Watermann, Bernd"]
[Black "Buss, Heiko"]
[Result "1-0"]
[WhiteElo "1662"]
[BlackElo "1934"]
[PlyCount "79"]
[EventDate "2022.??.??"]
[WhiteTeam "Sf Barsinghausen e.V."]
[BlackTeam "Freibauer Wedemark"]

1. f4 g6 2. d4 d5 3. Nf3 Bg7 4. e3 Nf6 5. Bd3 Ne4 6. O-O O-O 7. Bd2 Nc6 8. Be1
Bg4 9. Nbd2 f5 10. h3 Bh5 11. c3 h6 12. g4 fxg4 13. hxg4 Bxg4 14. Nxe4 dxe4 15.
Bxe4 Qe8 16. Qc2 Bf5 17. Nh4 e6 18. Qg2 Bxe4 19. Qxe4 g5 20. Ng2 Qf7 21. Bg3
Bf6 22. fxg5 hxg5 23. Rf2 Kg7 24. Raf1 Qh5 25. Be5 Nxe5 26. dxe5 Rh8 27. Rxf6
Raf8 28. Qxb7 Qh2+ 29. Kf2 Rxf6+ 30. exf6+ Kxf6 31. Ke1+ Kg7 32. Qf3 Rh3 33.
Qf6+ Kh7 34. Qf7+ Kh8 35. Qf8+ Kh7 36. Rf7+ Kg6 37. Qg8+ Kh5 38. Rh7+ Kg4 39.
Qxe6+ Kg3 40. Qxh3+ 1-0

[Event "30. Off. Senioren-LEM Sachsen-Anhalt 65+"]
[Site "Magdeburg"]
[Date "2022.08.04"]
[Round "4.25"]
[White "Wagner, Bernd"]
[Black "Hauke, Hans"]
[Result "1-0"]
[WhiteElo "1934"]
[BlackElo "1738"]
[PlyCount "87"]
[EventDate "2022.??.??"]
[WhiteTeam "SV Aufbau Bernburg"]
[BlackTeam "Naumburger Sportverein 1951"]

1. d4 d5 2. Nf3 Nf6 3. Bf4 e6 4. e3 Be7 5. Nbd2 O-O 6. Be2 Nbd7 7. c3 c5 8. Qc2
b6 9. e4 dxe4 10. Nxe4 Bb7 11. Nd6 Bxd6 12. Bxd6 Re8 13. dxc5 Nxc5 14. Bxc5
bxc5 15. Rd1 Qc7 16. O-O Be4 17. Qc1 Rab8 18. Nd2 Bg6 19. Nc4 Nd5 20. g3 h6 21.
Bd3 Bxd3 22. Rxd3 Red8 23. Rfd1 Nb6 24. Ne3 Rxd3 25. Rxd3 Rd8 26. Qd2 Rxd3 27.
Qxd3 Qd7 28. Qxd7 Nxd7 29. a4 f5 30. Kf1 Kf7 31. Ke2 g6 32. b4 cxb4 33. cxb4
Ne5 34. b5 Ke7 35. f4 Nd7 36. Nc4 Nb6 37. Nxb6 axb6 38. Kd3 Kd6 39. Kd4 g5 40.
h3 e5+ 41. fxe5+ Ke6 42. a5 f4 43. gxf4 gxf4 44. a6 1-0

[Event "30. Off. Senioren-LEM Sachsen-Anhalt 65+"]
[Site "Magdeburg"]
[Date "2022.08.04"]
[Round "4.26"]
[White "Stummeyer, Dieter"]
[Black "Funke, Arnold"]
[Result "1-0"]
[WhiteElo "1765"]
[BlackElo "1870"]
[PlyCount "87"]
[EventDate "2022.??.??"]
[WhiteTeam "SG Garbsen/Marienwerder"]
[BlackTeam "SV Aufbau Bernburg"]

1. e4 e6 2. d4 d5 3. e5 c5 4. c3 Qb6 5. Nf3 Nc6 6. a3 Bd7 7. Be2 Nh6 8. b4 cxd4
9. Bxh6 gxh6 10. cxd4 Rc8 11. O-O Bg7 12. Qd2 O-O 13. Nc3 Ne7 14. Rfc1 Nf5 15.
Bd3 Ne7 16. b5 Qd8 17. a4 Ng6 18. Ne2 f5 19. Rxc8 Bxc8 20. Rc1 b6 21. Rc3 Bb7
22. Qc1 Rf7 23. Ne1 Bf8 24. g3 h5 25. Ng2 h4 26. Ngf4 Qd7 27. Nh5 Be7 28. Rc7
Qxc7 29. Qxc7 Bf8 30. Nf6+ Kg7 31. Qb8 h3 32. Qxa7 Bc5 33. dxc5 Nxe5 34. Nh5+
Kh6 35. Nhf4 Nf3+ 36. Kh1 bxc5 37. Qb6 Ng5 38. Kg1 Nf3+ 39. Kf1 Nxh2+ 40. Kg1
Nf3+ 41. Kh1 Ng5 42. Kh2 c4 43. Bb1 Bc8 44. Nd4 1-0

[Event "30. Off. Senioren-LEM Sachsen-Anhalt 65+"]
[Site "Magdeburg"]
[Date "2022.08.04"]
[Round "4.28"]
[White "Rudolph, Karl-Heinz"]
[Black "Hess, Juergen"]
[Result "0-1"]
[WhiteElo "1661"]
[BlackElo "1919"]
[PlyCount "102"]
[EventDate "2022.??.??"]
[WhiteTeam "SV Irxleben von 1919"]
[BlackTeam "SG Arnstadt-Stadtilm"]

1. e4 e5 2. Nf3 Nc6 3. d4 exd4 4. Nxd4 Qf6 5. c3 Bc5 6. Be3 d6 7. Bb5 Bd7 8.
O-O Nge7 9. Qd2 O-O 10. b4 Bb6 11. a4 Qg6 12. f3 a6 13. Bd3 Ne5 14. f4 Nxd3 15.
Qxd3 Bxd4 16. Bxd4 d5 17. Nd2 dxe4 18. Qxe4 Nf5 19. Nf3 Bc6 20. Qe2 Rfe8 21.
Qf2 Bxf3 22. Qxf3 Nxd4 23. cxd4 Qb6 24. Qc3 Rad8 25. Rae1 Kf8 26. Qc5+ Qxc5 27.
dxc5 Rxe1 28. Rxe1 Rd4 29. Rb1 Rxf4 30. a5 Rc4 31. Kf2 Ke7 32. Rb2 Kd7 33. Ke3
Kc6 34. Kd3 Kb5 35. Re2 Kxb4 36. Re7 Rxc5 37. Rxf7 Kxa5 38. Rxg7 Rh5 39. Rxc7
b5 40. h3 Kb4 41. Ra7 a5 42. Kc2 Rc5+ 43. Kb1 h5 44. Rf7 h4 45. Rf3 a4 46. g4
hxg3 47. Rxg3 Rc3 48. Rg4+ Kb3 49. h4 Rh3 50. Kc1 a3 51. Kd2 a2 0-1

[Event "30. Off. Senioren-LEM Sachsen-Anhalt 65+"]
[Site "Magdeburg"]
[Date "2022.08.04"]
[Round "4.29"]
[White "Manthey, Wolfgang"]
[Black "Bertram, Thomas"]
[Result "1-0"]
[WhiteElo "1825"]
[BlackElo "1705"]
[PlyCount "55"]
[EventDate "2022.??.??"]
[WhiteTeam "Helmstedter SV"]
[BlackTeam "SV 1919 Grimma"]

1. g3 e5 2. Bg2 Nf6 3. d3 Nc6 4. Nf3 Be7 5. O-O O-O 6. c4 d6 7. Nc3 Be6 8. Bd2
Qd7 9. Ng5 Bg4 10. h3 Bh5 11. Nf3 Nd4 12. Nxd4 exd4 13. Nb5 c5 14. Bf4 d5 15.
Nc7 dxc4 16. Nxa8 cxd3 17. Qxd3 Rxa8 18. Rac1 Re8 19. Rfe1 Nd5 20. Bd2 Qe6 21.
g4 Ne3 22. fxe3 Bh4 23. Rf1 Bg6 24. e4 Qc6 25. b4 b6 26. bxc5 bxc5 27. Bb4 Bg5
28. Rxc5 1-0

[Event "30. Off. Senioren-LEM Sachsen-Anhalt 65+"]
[Site "Magdeburg"]
[Date "2022.08.04"]
[Round "4.30"]
[White "Gottschalk, Juergen"]
[Black "Hansch, Klaus-Michael"]
[Result "0-1"]
[WhiteElo "1525"]
[BlackElo "1798"]
[PlyCount "32"]
[EventDate "2022.??.??"]
[WhiteTeam "SV Blau-Weiss 69 Parchim"]
[BlackTeam "SC Weisse Dame e.V."]

1. e4 d5 2. exd5 Nf6 3. c4 c6 4. dxc6 Nxc6 5. Nf3 e5 6. d3 e4 7. Ng1 Bf5 8. Qb3
Bc5 9. dxe4 Nxe4 10. Be3 Bxe3 11. Qxe3 O-O 12. Be2 Re8 13. Qf4 Nd4 14. Na3 Qa5+
15. Kd1 Rad8 16. Kc1 Qe1+ 0-1

[Event "30. Off. Senioren-LEM Sachsen-Anhalt 65+"]
[Site "Magdeburg"]
[Date "2022.08.04"]
[Round "4.31"]
[White "Wolf, Burghard"]
[Black "Gailis, Gunnar"]
[Result "0-1"]
[WhiteElo "1795"]
[BlackElo "1661"]
[PlyCount "110"]
[EventDate "2022.??.??"]
[WhiteTeam "Post SV Magdeburg 1926"]
[BlackTeam "Schachverein 1922 Hilden"]

1. c4 e5 2. Nc3 Nf6 3. Nf3 Nc6 4. g3 Bc5 5. e3 a6 6. Bg2 O-O 7. O-O h6 8. a3 a5
9. d4 exd4 10. exd4 Ba7 11. Bf4 d6 12. Re1 Bg4 13. d5 Nd4 14. Nb5 Nxb5 15. cxb5
Qd7 16. Qd2 Bxf3 17. Bxf3 Bb6 18. a4 Bc5 19. Bxh6 gxh6 20. Qxh6 Qf5 21. Kg2 Qg6
22. Qf4 Rfe8 23. Rac1 Rxe1 24. Rxe1 Re8 25. Rxe8+ Nxe8 26. Be4 Qg7 27. h4 Bd4
28. h5 Be5 29. Qf5 Kf8 30. g4 Qf6 31. g5 Qxf5 32. Bxf5 Bf4 33. g6 fxg6 34. hxg6
Kg7 35. Kf3 Be5 36. b3 Nf6 37. Be6 Kxg6 38. Ke3 b6 39. f4 Bb2 40. f5+ Kg5 41.
Kd3 Kf4 42. Kc2 Bd4 43. Kd3 Ke5 44. Kc4 Bc5 45. Kc3 Nxd5+ 46. Kd3 Nf4+ 47. Kc4
Nxe6 48. fxe6 Kxe6 49. Kc3 Ke5 50. Kc4 Ke4 51. Kc3 d5 52. Kc2 Ke3 53. Kc3 Ke2
54. b4 axb4+ 55. Kb3 d4 0-1

[Event "30. Off. Senioren-LEM Sachsen-Anhalt 65+"]
[Site "Magdeburg"]
[Date "2022.08.04"]
[Round "4.32"]
[White "Hellwege, Werner"]
[Black "Kuenne, Lutz Dieter"]
[Result "0-1"]
[WhiteElo "1771"]
[BlackElo "1546"]
[PlyCount "104"]
[EventDate "2022.??.??"]
[WhiteTeam "HSK Lister Turm"]
[BlackTeam "Kings Club 98 Jena"]

1. d4 d5 2. c4 c6 3. Nf3 Nf6 4. Nc3 dxc4 5. a4 e6 6. e3 Nbd7 7. Bxc4 Nb6 8. Ba2
Bb4 9. O-O Nbd5 10. Qc2 O-O 11. Bd2 a5 12. e4 Ne7 13. Bb1 Ng6 14. Rd1 Qc7 15.
h3 Be7 16. Be3 Nh5 17. d5 Ne5 18. Nd4 Bd7 19. Ncb5 Qb8 20. dxc6 bxc6 21. Na3
Rd8 22. Ba2 c5 23. Ndb5 Bxb5 24. Nxb5 c4 25. Qe2 Nf6 26. f4 Nd3 27. Bxc4 Nxf4
28. Rxd8+ Bxd8 29. Qf3 Ng6 30. Bd4 Bb6 31. Qe3 Bxd4 32. Qxd4 Qe5 33. Re1 Qxd4+
34. Nxd4 Ne5 35. Bb5 Rc8 36. Kh2 Nc4 37. Nc6 Kf8 38. Re2 Nd6 39. Nxa5 Nxb5 40.
axb5 Rb8 41. Nc6 Rxb5 42. b4 g6 43. Kg3 h6 44. Kf3 Nd7 45. e5 Nb6 46. Ke4 Nd5
47. Rb2 Ke8 48. Kd3 Kd7 49. Nd4 Rxb4 50. Ra2 Rb7 51. Rf2 Ke8 52. Ra2 Nb4+ 0-1

[Event "30. Off. Senioren-LEM Sachsen-Anhalt 65+"]
[Site "Magdeburg"]
[Date "2022.08.04"]
[Round "4.33"]
[White "Harmuth, Udo"]
[Black "Brandt, Joachim"]
[Result "0-1"]
[WhiteElo "1478"]
[BlackElo "1771"]
[PlyCount "50"]
[EventDate "2022.??.??"]
[WhiteTeam "USC Magdeburg"]
[BlackTeam "Union 1861 Schoenebeck"]

1. e4 e6 2. d4 d5 3. e5 c5 4. c3 Nc6 5. Bb5 Bd7 6. Bxc6 bxc6 7. Nf3 cxd4 8. O-O
dxc3 9. bxc3 Bc5 10. Be3 Bxe3 11. fxe3 Qb6 12. Qe2 Nh6 13. Nbd2 O-O 14. Kh1 Nf5
15. Nd4 Nh6 16. N2f3 c5 17. Nc2 Bb5 18. Qd2 Bxf1 19. Rxf1 Rab8 20. h3 Qa6 21.
Rg1 Qxa2 22. g4 Rb1 23. Nfe1 Rfb8 24. Kh2 R8b2 25. e4 Rxe1 0-1

[Event "30. Off. Senioren-LEM Sachsen-Anhalt 65+"]
[Site "Magdeburg"]
[Date "2022.08.04"]
[Round "4.34"]
[White "Eberhardt, Michael"]
[Black "Geibel, Henning"]
[Result "1-0"]
[WhiteElo "1726"]
[BlackElo "1399"]
[PlyCount "55"]
[EventDate "2022.??.??"]
[WhiteTeam "SC Agon Neumuenster"]
[BlackTeam "SV Bargteheide"]

1. Nf3 d5 2. d4 Bf5 3. e3 e6 4. Bd3 Bxd3 5. cxd3 Nf6 6. O-O c5 7. Nc3 cxd4 8.
Nxd4 Bd6 9. e4 Be5 10. Be3 O-O 11. f4 Bxd4 12. Bxd4 Nc6 13. Bxf6 Qxf6 14. exd5
exd5 15. Qf3 Rad8 16. Kh1 d4 17. Ne4 Qf5 18. Rac1 Qb5 19. Rf2 Nb4 20. Rd2 Nxa2
21. Rc5 Qa6 22. h3 b6 23. Rg5 Nb4 24. Qg3 g6 25. Rh5 Kg7 26. Qg5 Rh8 27. Qh6+
Kg8 28. Nf6# 1-0

[Event "30. Off. Senioren-LEM Sachsen-Anhalt 65+"]
[Site "Magdeburg"]
[Date "2022.08.04"]
[Round "4.35"]
[White "Hessler, Martin"]
[Black "Gismann, Juergen"]
[Result "0-1"]
[WhiteElo "1326"]
[BlackElo "1717"]
[PlyCount "70"]
[EventDate "2022.??.??"]
[WhiteTeam "VfB Ottersleben"]
[BlackTeam "USC Magdeburg"]

1. e4 g6 2. d4 d6 3. Nf3 Bg7 4. Bc4 e6 5. Be3 Ne7 6. Nc3 O-O 7. Qd2 c6 8. b4 d5
9. Bb3 dxe4 10. Nxe4 Nf5 11. O-O Qb6 12. Rad1 Nxe3 13. fxe3 Rd8 14. Nfg5 Rf8
15. Nf6+ Bxf6 16. Rxf6 Nd7 17. Rf3 Qd8 18. Nxe6 fxe6 19. Bxe6+ Kg7 20. Rdf1
Rxf3 21. Rxf3 Nf6 22. Bb3 Qe7 23. h3 Be6 24. c4 Rf8 25. Qb2 Kh6 26. Qf2 Kg7 27.
Qe1 Ne4 28. Kh2 Rxf3 29. gxf3 Ng5 30. Qg3 Nf7 31. a3 Bc8 32. f4 Bf5 33. c5 Qe4
34. Bd1 Qd3 35. a4 Qxd1 0-1

[Event "30. Off. Senioren-LEM Sachsen-Anhalt 65+"]
[Site "Magdeburg"]
[Date "2022.08.04"]
[Round "4.36"]
[White "Mohs, Rolf"]
[Black "Rosenkranz, Richard"]
[Result "1-0"]
[WhiteElo "1708"]
[BlackElo "1041"]
[PlyCount "105"]
[EventDate "2022.??.??"]
[WhiteTeam "SV Aufbau Bernburg"]
[BlackTeam "Haldensleber SC"]

1. d4 d5 2. c4 Nf6 3. Nc3 e6 4. Nf3 Bb4 5. Bg5 Bxc3+ 6. bxc3 O-O 7. e3 h6 8.
Bh4 c6 9. Bd3 Qa5 10. Qc2 dxc4 11. Bxc4 Nbd7 12. O-O b5 13. Bb3 Qc7 14. Bg3 Qb6
15. Bd6 Re8 16. e4 c5 17. dxc5 Nxc5 18. e5 Nfd7 19. Rfd1 Nxb3 20. axb3 Bb7 21.
Qe2 Rac8 22. Bb4 a5 23. Bxa5 Qc6 24. Rd6 Qe4 25. Qxe4 Bxe4 26. Rxd7 Ra8 27. b4
Rec8 28. Rc1 Bc6 29. Rc7 Bxf3 30. Rxc8+ Rxc8 31. gxf3 Rc4 32. Kg2 h5 33. Bb6 g5
34. Bd4 Kg7 35. Ra1 Kg6 36. Ra5 Kf5 37. Rxb5 g4 38. fxg4+ Kxg4 39. Rc5 Rxc5 40.
bxc5 h4 41. c6 h3+ 42. Kf1 Kf3 43. c7 Ke4 44. c8=Q Kd3 45. Qa6+ Ke4 46. Qb7+
Kd3 47. Qf3+ Kc4 48. Ke2 Kb3 49. Kd3 Ka4 50. Qb7 Ka3 51. c4 f5 52. Kc3 Ka2 53.
Qb2# 1-0

[Event "30. Off. Senioren-LEM Sachsen-Anhalt 65+"]
[Site "Magdeburg"]
[Date "2022.08.04"]
[Round "4.37"]
[White "Kindermann, Ilona"]
[Black "Dellos, Peter"]
[Result "0-1"]
[WhiteElo "1415"]
[BlackElo "1826"]
[PlyCount "100"]
[EventDate "2022.??.??"]
[WhiteTeam "Schachgemeinschaft Leipzig"]
[BlackTeam "SK Ricklingen"]

1. d4 Nf6 2. Nf3 g6 3. Bf4 Bg7 4. e3 d6 5. Bd3 Nbd7 6. Nbd2 c5 7. c3 a6 8. O-O
b5 9. c4 bxc4 10. Bxc4 d5 11. Be2 c4 12. Qa4 O-O 13. Rac1 Nh5 14. Be5 f6 15.
Bg3 Nxg3 16. hxg3 Nb6 17. Qb4 Bd7 18. b3 a5 19. Qc3 cxb3 20. Qxb3 e6 21. Bb5
Rb8 22. Bxd7 Qxd7 23. Qd1 Rfc8 24. Nb3 Rxc1 25. Qxc1 Nc4 26. Nfd2 Nxd2 27. Qxd2
Bf8 28. Qxa5 Bb4 29. Nc5 Qc8 30. Qa6 Bxc5 31. Qxc8+ Rxc8 32. dxc5 Rxc5 33. Ra1
Kf7 34. a4 Ra5 35. Kf1 Ke7 36. Ke2 Kd6 37. Kd3 e5 38. Kc3 Kc5 39. Kb3 d4 40.
exd4+ exd4 41. Rc1+ Kd5 42. Kb4 Ra7 43. a5 d3 44. Kb5 Rb7+ 45. Ka4 Kd4 46. a6
Rb2 47. Ka5 d2 48. Rd1 Kd3 49. a7 Ke2 50. a8=Q Ra2+ 0-1

[Event "30. Off. Senioren-LEM Sachsen-Anhalt 65+"]
[Site "Magdeburg"]
[Date "2022.08.04"]
[Round "4.38"]
[White "Zimmer, Franz"]
[Black "Langbein, Wolfgang"]
[Result "1-0"]
[WhiteElo "1698"]
[BlackElo "1336"]
[PlyCount "121"]
[EventDate "2022.??.??"]
[WhiteTeam "SG Trier 1877 e.V."]
[BlackTeam "PSV Ribnitz-Damgarten"]

1. d4 Nf6 2. c4 g6 3. Nc3 Bg7 4. e4 d6 5. f3 O-O 6. Bd3 e6 7. Nge2 Nbd7 8. Be3
c6 9. Qd2 Ne8 10. Bh6 Qh4+ 11. g3 Qxh6 12. f4 e5 13. d5 exf4 14. gxf4 Nc5 15.
Bc2 Kh8 16. O-O-O Bg4 17. Rdf1 Bxe2 18. Nxe2 Rd8 19. Kb1 Qh4 20. Qa5 a6 21. e5
Qe7 22. dxc6 bxc6 23. Nd4 Qc7 24. Nxc6 Qxa5 25. Nxa5 dxe5 26. fxe5 Bxe5 27. Nc6
Bc7 28. Nxd8 Bxd8 29. b4 Ne6 30. c5 N8c7 31. Bb3 Kg7 32. Rd1 Nb5 33. Bxe6 fxe6
34. Rd7+ Kh6 35. Rc1 Bg5 36. Rc2 Na3+ 37. Kb2 Nxc2 38. Kxc2 Rf2+ 39. Kb3 Rxh2
40. c6 Rh3+ 41. Kc4 Bf6 42. Kc5 Rc3+ 43. Kb6 Rc4 44. a3 Bd4+ 45. Kb7 a5 46.
bxa5 Bc3 47. a6 Rc5 48. c7 Ba5 49. c8=Q Rxc8 50. Kxc8 Bb6 51. Rd6 Bc5 52. Rxe6
Bd4 53. a4 Kg5 54. a5 Kf5 55. Re7 h5 56. a7 Bxa7 57. Rxa7 h4 58. Rh7 g5 59. a6
Kg6 60. Rd7 g4 61. a7 1-0

[Event "30. Off. Senioren-LEM Sachsen-Anhalt 65+"]
[Site "Magdeburg"]
[Date "2022.08.04"]
[Round "4.39"]
[White "Wraga, Hermann"]
[Black "Wraga, Teresa"]
[Result "1/2-1/2"]
[WhiteElo "1681"]
[BlackElo "1519"]
[PlyCount "26"]
[EventDate "2022.??.??"]
[WhiteTeam "SG Osnabrueck"]
[BlackTeam "SG Osnabrueck"]

1. e4 d6 2. g3 g6 3. Bg2 Bg7 4. d3 e5 5. Nf3 Ne7 6. O-O O-O 7. Bg5 h6 8. Bxe7
Qxe7 9. a4 a5 10. c3 c6 11. Re1 Qc7 12. d4 Nd7 13. Nh4 Kh7 1/2-1/2

[Event "30. Off. Senioren-LEM Sachsen-Anhalt 65+"]
[Site "Magdeburg"]
[Date "2022.08.04"]
[Round "4.40"]
[White "Schiefer, Joerg"]
[Black "Langner, Hans-Rainer"]
[Result "1-0"]
[WhiteElo "1279"]
[BlackElo "1623"]
[PlyCount "71"]
[EventDate "2022.??.??"]
[WhiteTeam "USC Magdeburg"]
[BlackTeam "Tempelhofer SV Mariendorf 1897"]

1. c4 c5 2. Nc3 e6 3. e4 Nc6 4. Nf3 g6 5. d4 cxd4 6. Nxd4 Bg7 7. Nxc6 bxc6 8.
Qd6 Qb6 9. Bd3 Bf8 10. Qg3 Bb7 11. O-O h5 12. h4 Be7 13. b3 Qd8 14. Bg5 Bxg5
15. Qxg5 Qxg5 16. hxg5 d6 17. Rad1 O-O-O 18. b4 Ne7 19. c5 dxc5 20. bxc5 h4 21.
Kh2 Rh5 22. f4 e5 23. Be2 Rhh8 24. fxe5 Rdf8 25. Bg4+ Kb8 26. Kh3 Bc8 27. Rf4
Be6 28. Rdf1 Bxg4+ 29. Kxg4 Rh7 30. e6 f5+ 31. gxf6 g5 32. fxe7 Re8 33. Rf7
Rxe7 34. Rxh7 Rxh7 35. Rf8+ Kc7 36. Rf7+ 1-0

[Event "30. Off. Senioren-LEM Sachsen-Anhalt 65+"]
[Site "Magdeburg"]
[Date "2022.08.04"]
[Round "4.41"]
[White "Rosmann, Armin"]
[Black "Gieseke, Karl-Heinz"]
[Result "1/2-1/2"]
[WhiteElo "1614"]
[BlackElo "1030"]
[PlyCount "45"]
[EventDate "2022.??.??"]
[WhiteTeam "TSV Kirchehrenbach"]
[BlackTeam "SG Schoeningen JFZ-I e.V."]

1. Nf3 c6 2. d4 d5 3. Bf4 Bf5 4. Nbd2 e6 5. e3 Bd6 6. Ne5 Nf6 7. c4 dxc4 8.
Bxc4 b5 9. Be2 O-O 10. Bf3 Nd5 11. Bg3 Nb4 12. Ne4 Be7 13. O-O Nd7 14. a3 Nxe5
15. Bxe5 Nd5 16. Rc1 Rc8 17. Nc5 Bxc5 18. Rxc5 f6 19. Bg3 Ne7 20. Bg4 e5 21.
Bxf5 Nxf5 22. Qc2 Nxg3 23. hxg3 1/2-1/2

[Event "30. Off. Senioren-LEM Sachsen-Anhalt 65+"]
[Site "Magdeburg"]
[Date "2022.08.04"]
[Round "4.42"]
[White "Conrad, Heidrun"]
[Black "Hurek, Werner"]
[Result "0-1"]
[WhiteElo "1562"]
[BlackElo "1684"]
[PlyCount "66"]
[EventDate "2022.??.??"]
[WhiteTeam "SF Turm 2000 Wahrburg"]
[BlackTeam "VLK Lampertheim"]

1. e4 d6 2. d4 Nf6 3. Bd3 c6 4. h3 g6 5. Ne2 Bg7 6. Be3 Nbd7 7. Nd2 O-O 8. O-O
Qc7 9. Rc1 b5 10. c3 a6 11. f4 e6 12. f5 exf5 13. exf5 Nd5 14. Bf2 g5 15. Ng3
Re8 16. Nge4 Nf4 17. Nb3 h6 18. Bg3 c5 19. Bb1 c4 20. Nbd2 d5 21. Bxf4 gxf4 22.
Nf2 Nf6 23. Ng4 Qe7 24. Kh1 Ne4 25. Nxe4 dxe4 26. Rxf4 Qg5 27. Rxe4 Bb7 28.
Rxe8+ Rxe8 29. d5 h5 30. f6 Bxd5 31. fxg7 hxg4 32. hxg4 Re6 33. Bf5 Rh6+ 0-1

[Event "30. Off. Senioren-LEM Sachsen-Anhalt 65+"]
[Site "Magdeburg"]
[Date "2022.08.04"]
[Round "4.43"]
[White "Scholder, Helmut"]
[Black "Moeller, Peter"]
[Result "0-1"]
[WhiteElo "1381"]
[BlackElo "1578"]
[PlyCount "94"]
[EventDate "2022.??.??"]
[WhiteTeam "Schachklub Minden 08"]
[BlackTeam "SC Mecklenburger Springer"]

1. e4 g6 2. Nf3 Bg7 3. Bc4 e6 4. c3 Ne7 5. d3 c6 6. Bf4 d5 7. exd5 cxd5 8. Bb3
Nbc6 9. Nbd2 b6 10. Nf1 Bb7 11. d4 Ba6 12. Ne3 O-O 13. a3 Rc8 14. Ng4 Nf5 15.
Qd2 Na5 16. Ba2 h5 17. Nge5 Bc4 18. Bb1 Nb3 19. Qd1 Nxa1 20. Bxf5 exf5 21. Qxa1
Re8 22. Kd2 Qe7 23. Re1 Qb7 24. Qb1 Ba6 25. g3 Kh7 26. Ng5+ Kg8 27. Ngxf7 Bxe5
28. Nxe5 Kh7 29. h3 Qg7 30. g4 fxg4 31. hxg4 Rf8 32. Bg3 Qh6+ 33. Kc2 h4 34.
Bxh4 Kg7 35. Bg3 Rc7 36. f4 Qh3 37. Kb3 Bc4+ 38. Ka4 b5+ 39. Ka5 Rf6 40. g5 Rf5
41. Rg1 Rb7 42. b3 Be2 43. Qe1 Bh5 44. Qf2 Rf8 45. Nc6 Qd7 46. Ne5 Qc7+ 47. Kb4
a5# 0-1